00855nam a22002417a 4500999001900000005001700019006001900036007000300055008004100058010002200099020001000121035001300131037001300144082000800157100001300165245003400178260002600212270005600238300003000294942002500324952013200349952013200481 c159314d15931420181213171645.0a|||||f|||| 00| 0 tc180720b xxu||||| |||| 00| 0 eng d aB-079028-B-079029 c30.00 aB-079028 bA.I.C.B. a480 aKhan, N. aLearninig Englishcby N. Khan aDelhibA.C.I.B.cN.D. aSector-5, Rohini, bNew Delhie110085k011-27054082 avarious pages.c30cm(HB). 2ddccBRLENh480mKHA 001040708NFICaBRLbBRLd2003-11-14e1502/14-11-2003g30.00l0o480 KHApB-079028r2018-12-13 00:00:00t1w2018-12-13yBRLEN 001040708NFICaBRLbBRLd2003-11-14e1502/14-11-2003g30.00l0o480 KHApB-079029r2018-12-13 00:00:00t1w2018-12-13yBRLEN